000 00435nam a2200181Ia 4500
001 23411
005 20260414150935.0
008 260414t2013||||xx |||||||||||||| ||spa||
041 _aESP
082 _a650.1
_bF83A
100 _aFreire Rubio, María Teresa
_eAUT
245 0 _aRisi, S.A. :
_bxq esperar???;-)
260 _c2013
300 _a43 páginas :
_c30 cm.
650 _aGEN
654 _aCCO
942 _cLIB
_dJUS
_fJUS
_2ddc
_n
999 _c23411
_d23411